Statistics for VfL Wolfsburg - Torschützen 2009/10

Click here to take the quiz!

General Stats

  • This quiz has been taken 2 times
  • The average score is 9 of 14

Answer Stats

ToreSpieler% Correct
22Edin Džeko
100%
11Grafite
100%
10Zvjezdan Misimović
100%
4Christian Gentner
100%
1Andrea Barzagli
100%
1Sascha Riether
100%
6Obafemi Martins
50%
1Ashkan Dejagah
50%
1Makoto Hasebe
50%
1Fabian Johnson
50%
1Josué
50%
1Ricardo Costa
0%
1Alexander Madlung
0%
1Jonathan Santana
0%

Score Distribution

Percentile by Number Answered

Percent of People with Each Score

Your Score History

You have not taken this quiz